[Event "FRA-ch Acc"]
[Site "Montpellier"]
[Date "1991.??.??"]
[Round "2"]
[White "Bouverot, Oliver"]
[Black "Cerisier, Philippe"]
[Result "0-1"]
[WhiteElo "2070"]
[BlackElo "2285"]

1.d4 Nf6 2.c4 e6 3.Nc3 Bb4 4.Nf3 Ne4 5.Qc2 f5 6.g3 b6 7.Bg2 Bb7 8.O-O Nxc3
9.bxc3 Be4 10.Qa4 Be7 11.Ne5 Bxg2 12.Kxg2 Bf6 13.Nd3 O-O 14.Ba3 Re8 15.c5 Qc8
16.Rab1 Qa6 17.Qxa6 Nxa6 18.Rb3 Nb8 19.Nb2 Nc6 20.Nc4 Rab8 21.Rfb1 Be7 22.cxb6 axb6
23.Bxe7 Rxe7 24.e3 Ree8 25.Ra3 d5 26.Nd2 Na5 27.Rb4 Ra8 28.Rba4 Ra7 29.Nb3 Rea8
30.Nxa5 b5 31.Rb4 Rxa5 32.Rxa5 Rxa5 33.Kf3 c6 34.Rb2 g5 35.h3 Kg7 36.Ke2 Ra3
37.Rc2 Kf6 38.Kf3 Ra4 39.Ke2 Rc4 40.Kd3 Ra4 41.Ke2 e5 42.Kf3 e4+ 43.Ke2 h5
44.Kf1 Rc4 45.a3 h4 46.gxh4 gxh4 47.f4 Ra4 48.Ra2 Ra8 49.Kg1 Ke6 50.Kf1 Ra7
51.Kg1 Kd6 52.Rg2 Rxa3 53.Rc2 b4  0-1

[Event "FRA-ch Acc"]
[Site "Montpellier"]
[Date "1991.??.??"]
[Round "3"]
[White "Bouton, Christophe"]
[Black "Marciano, David"]
[Result "1/2-1/2"]
[WhiteElo "2260"]
[BlackElo "2345"]

1.d4 Nf6 2.c4 e6 3.Nc3 Bb4 4.Nf3 d5 5.g3 c5 6.cxd5 Nxd5 7.Bd2 cxd4 8.Nxd5 Bxd2+
9.Qxd2 Qxd5 10.Qxd4 Qxd4 11.Nxd4 Bd7 12.Bg2 Nc6 13.Nxc6 Bxc6 14.Bxc6+ bxc6
15.O-O O-O-O 16.Rfd1 Kc7 17.Kf1  1/2-1/2

[Event "FRA-ch (Women)"]
[Site "Montpellier"]
[Date "1991.??.??"]
[Round "7"]
[White "Merlini, Milinka"]
[Black "Coudray, Carine"]
[Result "0-1"]
[WhiteElo "2035"]
[BlackElo "2020"]

1.d4 Nf6 2.c4 e6 3.Nc3 Bb4 4.Nf3 O-O 5.e3 d5 6.a3 Bxc3+ 7.bxc3 c6 8.Qc2 Nbd7
9.Bd3 Qc7 10.O-O e5 11.Nd2 h6 12.f4 Ng4 13.Nb3 dxc4 14.Bxc4 Nb6 15.Be2 exf4
16.Rxf4 h5 17.h3 g5 18.hxg4 gxf4 19.gxh5 fxe3 20.Bxe3 Qg3 21.Bf2 Qg5 22.Bf3 Bg4
23.Bxg4 Qxg4 24.Qd1 Qxd1+ 25.Rxd1 Nc4 26.d5 cxd5 27.Rxd5 b6 28.Nd4 Kh7 29.Nf3 f6
30.g4 Rg8 31.Rd4 Rac8 32.Nh4 Rc5 33.Ng6 a6 34.Bg3 Rxg6 35.hxg6+ Kxg6 36.Bh4 Rc6
37.a4 Ne5 38.Bf2 Nf3+ 39.Kg2 Nxd4 40.Bxd4 Rc4 41.Kf3 Rxa4 42.Bxb6 Kf7 43.Bd4 Ke6
44.Ke4 Rc4 45.Kd3 Kd5 46.Bxf6 Rxg4 47.Bd4 Rg3+ 48.Kc2 Kc4 49.Kb2 Rg2+ 50.Ka3 Rh2
51.Be5 Re2 52.Bd4 Re1 53.Ka2 Re6 54.Bh8 Rb6 55.Bd4 Rb3 56.Bf6 a5 57.Bd4 a4
58.Bf6 Rb6 59.Bd4 Rg6 60.Kb2 Rg2+ 61.Ka3 Rd2 62.Bf6 Rd1 63.Ka2 Rd7 64.Bd4 Rd6
65.Ka3 Rg6 66.Ka2 Ra6 67.Kb2 a3+ 68.Ka2 Kb5 69.Be3 Ka4 70.Bc1 Rc6 71.Bd2 Rg6
72.Be3 Rg2+ 73.Ka1 Kb3 74.Bc5 Re2  0-1

[Event "Baden-Niedersachsen"]
[Site "Niedersachsen"]
[Date "1991.??.??"]
[Round "?"]
[White "Neurohr, Stephan"]
[Black "Polzin, Rainer"]
[Result "1/2-1/2"]
[WhiteElo "2335"]
[BlackElo "2280"]

1.d4 Nf6 2.c4 e6 3.Nc3 Bb4 4.Nf3 b6 5.Bg5 h6 6.Bh4 Bb7 7.e3 g5 8.Bg3 Ne4
9.Nd2 Bxc3 10.bxc3 Nxg3 11.hxg3 d6 12.Be2 Bxg2 13.Rh2 Bb7 14.Bf3 d5 15.Ke2 Kf8
16.Qc2 Nd7 17.cxd5 exd5 18.Qf5 Nf6 19.c4 Kg7 20.cxd5 Bxd5 21.Rc1 Rc8 22.Bxd5 Qxd5
23.Qxd5 Nxd5 24.e4 Ne7 25.f4 f5 26.fxg5 hxg5 27.Rxh8 Kxh8 28.g4 fxg4 29.Rg1 Rd8
30.Ke3 Nc6 31.Nb3 Nb4 32.a4 Nc2+ 33.Kd3 Nxd4 34.Nxd4 c5 35.Rxg4 Rxd4+ 36.Ke3 Rxa4
37.Rxg5 Ra3+ 38.Kf4 c4 39.e5 c3 40.e6 c2 41.Rg1 c1=Q+ 42.Rxc1 Kg7 43.Ke5 Kf8
44.Rc8+ Ke7 45.Rc7+ Ke8  1/2-1/2

[Event "Oberwart op"]
[Site "Oberwart"]
[Date "1991.??.??"]
[Round "?"]
[White "Lorscheid, Gerhard"]
[Black "Smagin, Sergey"]
[Result "0-1"]
[WhiteElo "2275"]
[BlackElo "2535"]

1.d4 Nf6 2.c4 e6 3.Nc3 Bb4 4.Nf3 c5 5.g3 O-O 6.Bg2 cxd4 7.Nxd4 d5 8.O-O dxc4
9.Nc2 Bxc3 10.bxc3 Qc7 11.Rb1 Nc6 12.Na3 e5 13.Qa4 Bf5 14.Rxb7 Qxb7 15.Bxc6 Qc8
16.Bxa8 Qxa8 17.Rd1 Bh3 18.f3 e4 19.Kf2 exf3 20.exf3 Ng4+ 21.fxg4 Qg2+ 22.Ke3 Bxg4
23.Rd6 Qg1+ 24.Kf4 h5 25.Be3 Qf1+  0-1

[Event "NZD-ch"]
[Site "Otago"]
[Date "1991.??.??"]
[Round "5"]
[White "Dive, Russell John"]
[Black "Martin, Benjamin"]
[Result "0-1"]
[WhiteElo "2305"]
[BlackElo "2320"]

1.d4 Nf6 2.c4 e6 3.Nf3 Bb4+ 4.Nc3 c5 5.g3 O-O 6.Bg2 d5 7.cxd5 cxd4 8.Nxd4 Nxd5
9.Qb3 Nc6 10.Nxc6 bxc6 11.O-O Qa5 12.Ne4 Ba6 13.Qc2 Be7 14.Bf3 Nb4 15.Qc3 Qf5
16.a3 Nd5 17.Qc2 c5 18.Re1 Rab8 19.Bg2 Rb6 20.Bd2 Rfb8 21.Ra2 h6 22.Qc1 c4
23.Nc3 Nxc3 24.Bxc3 Bc5 25.Rf1 e5 26.Ra1 Bd4 27.e3 Bxc3 28.bxc3 Rb3 29.Qd1 Qf6
30.Qd7 Rxc3 31.Qxa7 Rcb3 32.Bd5 Rb2 33.e4 c3 34.Rfc1 R8b6 35.Rf1 Bxf1 36.Rxf1 Qf3
37.Qc7 Rb1 38.Bc4 Rxf1+ 39.Bxf1 Rb2 40.Qc8+ Kh7  0-1

[Event "Oviedo rapid"]
[Site "Oviedo"]
[Date "1991.??.??"]
[Round "4"]
[White "Campos Moreno, Javier B"]
[Black "Polugaevsky, Lev"]
[Result "0-1"]
[WhiteElo "2480"]
[BlackElo "2610"]

1.d4 Nf6 2.c4 e6 3.Nc3 Bb4 4.Nf3 b6 5.Bg5 Bb7 6.e3 h6 7.Bh4 Bxc3+ 8.bxc3 d6
9.Nd2 Nbd7 10.f3 Qe7 11.Be2 e5 12.e4 Nf8 13.Qa4+ Qd7 14.Qb3 Nh5 15.c5 Ng6
16.Bf2 dxc5 17.dxc5 Nhf4 18.Bf1 O-O 19.O-O-O Rfd8 20.Nb1 Qxd1+ 21.Qxd1 Rxd1+
22.Kxd1 Rd8+ 23.Kc2 Bc6 24.Nd2 Ba4+ 25.Nb3 Ne6 26.cxb6 axb6 27.Be3 b5 28.Kb2 Ngf4
29.Nc1 c5 30.g3 Ng6 31.Nd3 c4 32.Nb4 Ne7  0-1

[Event "Palma de Mallorca op"]
[Site "Palma de Mallorca"]
[Date "1991.??.??"]
[Round "?"]
[White "Campos Moreno, Javier B"]
[Black "Razuvaev, Yuri S"]
[Result "1/2-1/2"]
[WhiteElo "2480"]
[BlackElo "2585"]

1.d4 Nf6 2.c4 e6 3.Nc3 Bb4 4.Nf3 b6 5.Bg5 Bb7 6.e3 h6 7.Bh4 Bxc3+ 8.bxc3 d6
9.Nd2 Nbd7 10.f3 Qe7 11.e4 g5 12.Bf2 Nh5 13.Qa4 Kf8 14.g3 Kg7 15.Bg2 f5 16.O-O f4
17.e5 dxe5 18.Rae1 fxg3 19.hxg3 Nhf6 20.c5 bxc5 21.dxe5 Nd5 22.Ne4 N5b6 23.Qb5 Bd5
24.Nd2 c4 25.Ne4 Qf7  1/2-1/2

[Event "Paris-ch"]
[Site "Paris"]
[Date "1991.??.??"]
[Round "4"]
[White "Tourneur, Jean Francois"]
[Black "Wallyn, Alexandre"]
[Result "1-0"]
[WhiteElo "2190"]
[BlackElo "2285"]

1.d4 Nf6 2.c4 e6 3.Nc3 Bb4 4.Nf3 b6 5.Bg5 Bb7 6.e3 h6 7.Bh4 Bxc3+ 8.bxc3 d6
9.Nd2 Nbd7 10.f3 g5 11.Bf2 Qe7 12.Qa4 e5 13.e4 g4 14.Bh4 exd4 15.cxd4 Qe6
16.Bd3 gxf3 17.gxf3 Nh5 18.O-O-O Nf4 19.Bf1 Qg6 20.Bf2 Qh5 21.Be3 Ne6 22.h4 a6
23.Bh3 b5 24.Qa5 Rc8 25.Rdg1 Nf6 26.d5 bxc4 27.Qa4+ Ke7 28.dxe6 c3 29.Nc4 fxe6
30.Bg4 Nxg4 31.fxg4 Qg6 32.h5 Qxe4 33.Re1 Qxg4 34.Rhg1 Qh4 35.Rg7+ Kf6 36.Rf7+ Kxf7
37.Nxd6+ cxd6 38.Qxh4 Bd5 39.Rf1+ Ke8 40.Qf6  1-0

[Event "Ponferrada op"]
[Site "Ponferrada"]
[Date "1991.??.??"]
[Round "?"]
[White "Braga, Fernando"]
[Black "Urday, Henry"]
[Result "0-1"]
[WhiteElo "2445"]
[BlackElo "2480"]

1.d4 Nf6 2.c4 e6 3.Nf3 Bb4+ 4.Nc3 c5 5.Bd2 cxd4 6.Nxd4 O-O 7.e3 Nc6 8.Nc2 Be7
9.Be2 b6 10.O-O Bb7 11.Rc1 Rc8 12.Bf3 Qc7 13.Nb5 Qb8 14.Bc3 a6 15.Bxf6 gxf6
16.Bxc6 Bxc6 17.Nc3 Kh8 18.Nd4 Ba8 19.Qe2 Rg8 20.e4 f5 21.Rcd1 fxe4 22.Nc2 Qb7
23.Ne3 f5 24.Kh1 f4 25.Ned5 exd5 26.Nxd5 Rg7 27.Qxe4 Qb8 28.Rfe1 Bc5 29.f3 Be3
30.g4 Re8 31.Qc2 Re5  0-1

[Event "Ponferrada op"]
[Site "Ponferrada"]
[Date "1991.??.??"]
[Round "8"]
[White "Garcia Palermo, Carlos"]
[Black "Sanchez Guirado, Francisco"]
[Result "1/2-1/2"]
[WhiteElo "2455"]
[BlackElo "2330"]

1.c4 Nf6 2.d4 e6 3.Nc3 Bb4 4.Nf3 b6 5.Bg5 h6 6.Bh4 Bb7 7.e3 Bxc3+ 8.bxc3 d6
9.Nd2 g5 10.Bg3 Qe7 11.h4 Rg8 12.hxg5 hxg5 13.Be2 Nc6 14.Qa4 Qd7 15.Rh6 Ne5
16.Qxd7+ Nexd7 17.Bf3 Bxf3 18.gxf3 Kf8 19.Ke2 Kg7 20.Rah1 Rh8 21.Rxh8 Rxh8
22.Rxh8 Kxh8 23.Nb3 Ne8 24.f4 gxf4 25.Bxf4 Kg7 26.Kf3 Kg6 27.Nc1 f5 28.Kg2 Nef6
29.f3  1/2-1/2

[Event "Reggio mem Chicco"]
[Site "Reggio Emilia"]
[Date "1991.??.??"]
[Round "?"]
[White "Nemet, Ivan"]
[Black "Vezzosi, Paolo"]
[Result "1/2-1/2"]
[WhiteElo "2450"]
[BlackElo "2325"]

1.d4 Nf6 2.Nf3 e6 3.c4 Bb4+ 4.Nc3 c5 5.Qb3 Ne4 6.Nd2 Bxc3 7.bxc3 Nxd2 8.Bxd2 Nc6
9.dxc5 O-O 10.g3 Qe7 11.Bg2 Qxc5 12.O-O b6 13.Be3 Qh5 14.Bf3 Qh3 15.Rfd1 Rb8
16.Qa4 a6 17.Rab1 Ne5 18.Bg2 Qh5 19.Bf4 b5 20.cxb5 Rxb5 21.Rxb5  1/2-1/2

[Event "San Sebastian op"]
[Site "San Sebastian"]
[Date "1991.??.??"]
[Round "5"]
[White "Gomez Esteban, Juan Mario"]
[Black "Galego, Luis"]
[Result "1/2-1/2"]
[WhiteElo "2400"]
[BlackElo "2380"]

1.d4 Nf6 2.c4 e6 3.Nc3 Bb4 4.Nf3 O-O 5.Bg5 Bxc3+ 6.bxc3 d6 7.e3 Qe7 8.Bd3 e5
9.Nd2 Nbd7 10.Qc2 h6 11.Bh4 Re8 12.O-O g5 13.Bg3 e4 14.Be2 Nf8 15.f4 exf3
16.Bxf3 Ng4 17.Bd5 Be6 18.Rae1 c6 19.Bxe6 Qxe6 20.e4 Ng6 21.h3 Nf6 22.Bxd6 Qxd6
23.e5 Nxe5 24.c5 Qf8 25.Rxf6 Nd7 26.Rxe8 Rxe8 27.Rd6 Qe7 28.Qf5 Nf8 29.Nf3 Kg7
30.Ne5 f6 31.Ng4 Ne6 32.Kh2 h5 33.Ne3 Nf8 34.Nc4 h4 35.Qd3 Qe1 36.Qf3 Re6
37.Rxe6 Nxe6 38.Nd6 Nf4 39.Nf5+ Kg6 40.Nd6 Qe7 41.Qf2 f5 42.Qc2 Qd7 43.Qb3 Nd5
44.Qxb7 Qxb7 45.Nxb7 Nxc3 46.Na5 Nxa2 47.Nxc6 Kf6 48.d5 a5 49.d6 Nb4 50.Nxa5 Ke6
51.Kg1 Nd3 52.Nb3 g4 53.Kf1 Nf4 54.Nd4+ Kd7 55.Nxf5 gxh3 56.gxh3 Nxh3 57.Nh6 Nf4
58.Ng4 Ke6 59.Nf6 Kxf6 60.c6 Ke6 61.c7 Kd7 62.Kf2  1/2-1/2

[Event "Sao Paulo op"]
[Site "Sao Paulo"]
[Date "1991.??.??"]
[Round "6"]
[White "Man Yee, Chow"]
[Black "Rubinetti, Jorge A"]
[Result "0-1"]
[WhiteElo "2280"]
[BlackElo "2440"]

1.d4 Nf6 2.c4 e6 3.Nf3 Bb4+ 4.Nc3 b6 5.Qc2 Bb7 6.Bd2 O-O 7.e3 c5 8.dxc5 Bxc5
9.a3 Be7 10.Be2 d6 11.O-O Nbd7 12.Rfd1 a6 13.Be1 Qc7 14.Rac1 Rac8 15.Nd2 Qb8
16.Qb1 Rfd8 17.b4 Qa8 18.Bf1 h6 19.h3 Ne5 20.Na4 Qa7 21.Nc3 Bf8 22.Qa1 Qb8
23.Qb1 Qa8 24.Na4 Ned7 25.Nc3 Re8 26.Qd3 Be7 27.Qb1 Rc7 28.Qb2 Rec8 29.Na4 Ne8
30.Nb1 Bf6 31.Qd2 Qb8 32.f3 Be5 33.Bf2 d5 34.cxd5 exd5 35.b5 a5 36.Rxc7 Qxc7
37.e4 Nef6 38.exd5 Bxd5 39.Qd3 Be6 40.Nd2 g6 41.Ne4 Nd5 42.Bd4 f5 43.Nf2 Bh2+
44.Kh1 Nf4 45.Qc3 Qxc3 46.Nxc3 Bg3 47.Kg1 Bb3 48.Rd2 Ne6 49.Ne2 Bb8 50.Bb2 Ndc5
51.Nd4 Nxd4 52.Bxd4 Rd8 53.Be3 Rxd2 54.Bxd2 Be5 55.Be3 Na4 56.Nd3 Bd6 57.Bc1 Bc4
58.Nf2 Bxf1 59.Kxf1 Nc3 60.Bd2 Nxb5 61.a4 Na3 62.Bxh6 b5 63.axb5 Nxb5 64.Ke2 a4
65.Kd3 a3 66.Kc2 Nd4+ 67.Kb1 f4 68.Bg5 Kf7 69.Nd3 Ne2 70.Ka2 Nc3+ 71.Kb3 Nd5
72.Nf2 Nf6 73.Nd3 Nh5 74.Nf2 Ke6 75.Ne4 Bf8 76.Bd8 Ng3 77.Nxg3 fxg3 78.Bc7 Bd6
79.Bxd6 Kxd6 80.h4 Ke5 81.Kxa3 Kf4 82.Kb4 Ke3 83.Kb3 Kf2 84.f4 Kxg2 85.h5 Kf3
86.h6 g2 87.h7 g1=Q 88.h8=Q Qb1+ 89.Ka3 Qd3+ 90.Ka2 Kxf4 91.Qb8+ Ke4 92.Qe8+ Kf3
93.Qc6+ Qe4 94.Qc3+ Kg4 95.Qc8+ Qf5 96.Qc4+ Kh5 97.Qe2+ Kh6 98.Qe7 g5 99.Ka3 g4
100.Qd8 Kh5 101.Qh8+ Kg5 102.Qd8+ Kf4 103.Qh4 Qd3+ 104.Ka2 Qe2+ 105.Ka1 Qd1+
106.Ka2 Kf3 107.Qh5 Kg2 108.Ka3 Qd3+ 109.Ka2 g3 110.Qh4 Kg1 111.Kb2 Qe3 112.Ka1 g2
113.Qh7 Qe1+ 114.Ka2 Kf1 115.Qh3 Qf2+ 116.Ka1 Qe1+ 117.Ka2 Qe4 118.Kb2 Kf2
119.Qh2 Qg4  0-1

[Event "BUL-chT"]
[Site "Sofia"]
[Date "1991.??.??"]
[Round "3"]
[White "Voiska, Margarita"]
[Black "Gocheva, Rumiana B"]
[Result "1/2-1/2"]
[WhiteElo "2335"]
[BlackElo "2220"]

1.d4 Nf6 2.Nf3 e6 3.c4 Bb4+ 4.Nc3 c5 5.e3 b6 6.Bd3 cxd4 7.exd4 O-O 8.O-O Bb7
9.Bg5 Be7 10.Qe2 d5 11.Rfd1 Nc6 12.cxd5 Nxd5 13.Qe4 g6 14.Bh6 Nf6 15.Qh4 Nh5
16.Qg4 Re8 17.Bc4 Bf8 18.Bg5 Qb8 19.d5 exd5 20.Bxd5 Nd8 21.Bxd8 Rxd8 22.Bxf7+ Kg7
23.Bb3 Nf6 24.Qc4 Bxf3 25.Qf7+ Kh6 26.Rxd8 Qxd8 27.gxf3 Nh5 28.Qd5 Qxd5 29.Nxd5 Bc5
30.Re1 Rf8 31.Kg2 Nf4+ 32.Nxf4 Rxf4 33.Re4 Rf5 34.Be6 Rf6 35.f4 Kg7 36.Kg3 Bd6
37.h4 h6 38.Kg4 Bc5 39.f3 Rf8 40.Bc4 h5+ 41.Kg3 Bd6 42.Rd4 Rf6  1/2-1/2

[Event "Subotica Interzonal (Women)"]
[Site "Subotica"]
[Date "1991.??.??"]
[Round "7"]
[White "Voiska, Margarita"]
[Black "Botsari Miladinovic, Anna Maria"]
[Result "1/2-1/2"]
[WhiteElo "2335"]
[BlackElo "2285"]

1.c4 e6 2.Nc3 Nf6 3.d4 Bb4 4.Nf3 c5 5.e3 cxd4 6.exd4 d5 7.Bd3 dxc4 8.Bxc4 O-O
9.O-O Nc6 10.Bb3 b6 11.Qd3 Bb7 12.Bc2 Be7 13.a3 Rc8 14.Rd1 g6 15.Bh6 Re8
16.Rac1 a6 17.Bb3 Na5 18.Ba2 b5 19.Ne5 Qb6 20.b4 Nc6 21.Qh3 Nb8 22.Be3 Qd6
23.Bg5 Nbd7  1/2-1/2

[Event "Subotica Interzonal (Women)"]
[Site "Subotica"]
[Date "1991.??.??"]
[Round "12"]
[White "Amura, Claudia Noemi"]
[Black "Koskela, Niina"]
[Result "1/2-1/2"]
[WhiteElo "2405"]
[BlackElo "2110"]

1.d4 Nf6 2.c4 e6 3.Nc3 Bb4 4.Nf3 d5 5.cxd5 exd5 6.Bg5 O-O 7.e3 Nbd7 8.Bd3 Re8
9.O-O c6 10.Qc2 Nf8 11.a3 Be7 12.b4 a6 13.Rab1 Be6 14.Rfc1 Rc8 15.a4 Nh5
16.Bxe7 Qxe7 17.Qb2 g6 18.b5 axb5 19.axb5 c5 20.dxc5 Rxc5 21.Na4 Rxc1+ 22.Rxc1 Ng7
23.b6 Rc8 24.Rxc8 Bxc8 25.Qc3 Qd8 26.Qc7 Nge6 27.Qe5 Bd7 28.Nc3 Bc6 29.Nd4 Qxb6
30.Nxd5 Bxd5 31.Qxd5  1/2-1/2

[Event "FIN-ch"]
[Site "Tampere"]
[Date "1991.??.??"]
[Round "8"]
[White "Yrjola, Jouni"]
[Black "Nokso Koivisto, Antti"]
[Result "1/2-1/2"]
[WhiteElo "2505"]
[BlackElo "2370"]

1.d4 Nf6 2.c4 e6 3.Nc3 Bb4 4.Nf3 c5 5.g3 O-O 6.Bg2 d5 7.cxd5 Nxd5 8.Bd2 Nc6
9.Nxd5 exd5 10.Bxb4 cxb4 11.O-O Re8 12.e3 Bf5 13.Ne1 Be4 14.Nd3 Bxg2 15.Kxg2 Re6
16.Qb3 a5 17.Rac1 Rh6 18.h4 Rd6 19.Nf4 Qd7 20.Rc5 Rd8 21.Rfc1 g6 22.a3 h6
23.axb4 g5 24.Nd3 gxh4 25.bxa5 hxg3 26.fxg3 Qf5 27.Nf4 Qe4+ 28.Kh2 Qf3 29.Qd3 Re8  1/2-1/2

[Event "Tbilisi"]
[Site "Tbilisi"]
[Date "1991.??.??"]
[Round "?"]
[White "Efimov, Igor"]
[Black "Kachiani Gersinska, Ketino"]
[Result "1-0"]
[WhiteElo "2470"]
[BlackElo "2345"]

1.d4 Nf6 2.Nf3 e6 3.c4 Bb4+ 4.Nc3 b6 5.Qb3 a5 6.e3 Bb7 7.Be2 Ne4 8.O-O f5
9.Ne5 Bxc3 10.bxc3 a4 11.Qc2 d6 12.Nd3 Qe7 13.Nf4 g5 14.Nd3 Nd7 15.f3 Nef6
16.c5 bxc5 17.dxc5 dxc5 18.e4 f4 19.Nf2 Bc6 20.Rb1 e5 21.Bb5 Bxb5 22.Rxb5 c4
23.Rb4 Nb6 24.Ba3 Qe6 25.Rb5 h5 26.Rd1 Kf7 27.Bd6 cxd6 28.Rxb6 Rhd8 29.Qb2 g4
30.Qb4 Ke7 31.Rc6 Rac8 32.Qxa4 Qd7 33.Ra6 Qxa4 34.Rxa4 Rc6 35.Rb1 Ke6 36.Kf1 d5
37.exd5+ Rxd5 38.Ra8 Rd2 39.Ra5 Rcd6 40.Re1  1-0

[Event "Torcy op"]
[Site "Torcy"]
[Date "1991.??.??"]
[Round "?"]
[White "Lorscheid, Gerhard"]
[Black "Luminais, Eric"]
[Result "1/2-1/2"]
[WhiteElo "2290"]
[BlackElo "2150"]

1.d4 Nf6 2.c4 e6 3.Nc3 Bb4 4.Nf3 O-O 5.Bg5 c5 6.Rc1 h6 7.Bh4 g5 8.Bg3 Ne4
9.Qc2 f5 10.e3 b6 11.Nd2 Nxd2 12.Qxd2 cxd4 13.Qxd4 Nc6 14.Qd2 Qf6 15.h4 f4
16.hxg5 hxg5 17.exf4 gxf4 18.Bh4 Qe5+ 19.Qe2 f3 20.gxf3 Bb7 21.a3 Qxe2+ 22.Bxe2 Bxc3+
23.Rxc3 Ne5 24.Rg1+ Kf7 25.f4 Rh8 26.fxe5 Rxh4 27.Bf3 Rb8 28.b3 Be4 29.Kd2 Bf5
30.a4 Rbh8 31.Ke3 a5 32.Rd1 Ke7 33.Rg1 Kf7 34.Rg3 Rc8 35.Rc1 Rc5 36.Rd1 Rxe5+
37.Kd2 Rd4+ 38.Kc3 Rxd1 39.Bxd1 Re1 40.Bg4 Bg6 41.Rf3+ Ke7 42.Re3 Rc1+ 43.Kd4 Rc2
44.Re2 Rc1 45.Re5 Rf1 46.Rb5 Rxf2 47.Ke3 Rb2  1/2-1/2

[Event "Torcy op"]
[Site "Torcy"]
[Date "1991.??.??"]
[Round "?"]
[White "Lorscheid, Gerhard"]
[Black "Lamoureux, Serge"]
[Result "0-1"]
[WhiteElo "2290"]
[BlackElo "2120"]

1.d4 Nf6 2.c4 e6 3.Nc3 Bb4 4.Nf3 b6 5.Qb3 a5 6.g3 Bb7 7.Bg2 O-O 8.O-O Bxc3
9.Qxc3 d6 10.b3 Qc8 11.Bb2 Be4 12.Bh3 Qe8 13.Nd2 Nbd7 14.Nxe4 Nxe4 15.Qc2 f5
16.Bg2 Qg6 17.Rad1 Ndf6 18.e3 Ng4 19.Qe2 Qh5 20.h3 Ng5 21.Bxa8 Qxh3 22.f4 Qxg3+
23.Qg2 Nh3+ 24.Kh1 Ngf2+  0-1

[Event "Torcy op"]
[Site "Torcy"]
[Date "1991.??.??"]
[Round "?"]
[White "Chabanon, Jean Luc"]
[Black "Boudre, Jean Pierre"]
[Result "1-0"]
[WhiteElo "2480"]
[BlackElo "2365"]

1.d4 Nf6 2.c4 e6 3.Nc3 Bb4 4.Nf3 c5 5.g3 cxd4 6.Nxd4 O-O 7.Bg2 d5 8.cxd5 Nxd5
9.Bd2 Bxc3 10.bxc3 e5 11.Nb5 Nc6 12.O-O Be6 13.Bc1 a6 14.c4 Nb6 15.Qxd8 Raxd8
16.Nc7 Nxc4 17.Rb1 Nd4 18.Nxe6 fxe6 19.Bg5 Nxe2+ 20.Kh1 Nd2 21.Rbd1 Nxf1
22.Bxd8 Nc3 23.Rd3 Nd5 24.Bh3 Kf7 25.Ba5 Ke7 26.Kg2 b6 27.Rxd5  1-0

[Event "Vienna op"]
[Site "Vienna"]
[Date "1991.??.??"]
[Round "2"]
[White "Kumaran, Dharshan"]
[Black "Gulko, Boris F"]
[Result "0-1"]
[WhiteElo "2330"]
[BlackElo "2565"]

1.d4 e6 2.c4 Nf6 3.Nc3 Bb4 4.Nf3 c5 5.g3 cxd4 6.Nxd4 O-O 7.Bg2 d5 8.Qb3 Bxc3+
9.Qxc3 e5 10.Nb3 Nc6 11.O-O d4 12.Qc2 h6 13.e3 a5 14.Bd2 Qb6 15.Rae1 Rd8
16.exd4 a4 17.Nc1 Nxd4 18.Qc3 Qc7 19.Nd3 Bg4 20.f3 Bxf3 21.Bxf3 Nxf3+ 22.Rxf3 e4
23.Rfe3 Qd6 24.Nf2 Qxd2 25.Nxe4 Nxe4 26.Rxe4 Qxc3 27.bxc3 Rd2 28.Re8+ Rxe8
29.Rxe8+ Kh7 30.Rb8 Rb2 31.a3 Rb3 32.c5 Kg6 33.c4 Kf5 34.Ra8 Rxa3 35.Ra7 Ra1+
36.Kg2 Ra2+ 37.Kf3 Rxh2 38.Rxb7 Ke6 39.Ra7 Rh5 40.Ra6+ Kd7 41.Ra7+ Kc6 42.Rxf7 Kxc5
43.Rxg7 Kxc4 44.Ke4 a3 45.Ra7 Kb3 46.Rb7+ Ka4  0-1

[Event "Vienna op"]
[Site "Vienna"]
[Date "1991.??.??"]
[Round "8"]
[White "Kumaran, Dharshan"]
[Black "Mitkov, Nikola"]
[Result "1/2-1/2"]
[WhiteElo "2330"]
[BlackElo "2490"]

1.d4 Nf6 2.c4 e6 3.Nc3 Bb4 4.Nf3 d5 5.Bg5 h6 6.Bxf6 Qxf6 7.Qb3 c5 8.cxd5 exd5
9.dxc5 Bxc3+ 10.bxc3 O-O 11.Nd4 Na6 12.Qxd5 Rd8 13.Qf3 Qg5 14.e4 Bg4 15.Qg3 Nxc5
16.h4 Qg6 17.f3 Qb6 18.Qf2 Na4 19.Bc4 Nxc3 20.Nb5 Qc6 21.O-O Qxc4 22.Nxc3 Qxc3
23.fxg4 Qd4 24.Rad1 Qxf2+ 25.Kxf2 Kf8 26.Ke3 Ke7 27.Rxd8 Rxd8 28.Rc1 Rd7
29.Rc8 Kf6 30.Re8 Re7 31.Rd8 Rc7 32.Rd6+ Ke7 33.Rd2 Rc3+ 34.Kf4 a6 35.g5 hxg5+
36.Kxg5 b5 37.g4 b4 38.h5 a5 39.Kf4 Rc6 40.g5 a4 41.Rd4 Rb6 42.h6 gxh6 43.gxh6 b3
44.axb3 axb3 45.h7 Rh6  1/2-1/2

[Event "Wuerzburg op"]
[Site "Wuerzburg"]
[Date "1991.??.??"]
[Round "6"]
[White "Farago, Ivan"]
[Black "Jurek, Josef"]
[Result "1/2-1/2"]
[WhiteElo "2495"]
[BlackElo "2320"]

1.d4 Nf6 2.c4 e6 3.Nc3 Bb4 4.Nf3 c5 5.g3 d5 6.cxd5 Nxd5 7.Bd2 cxd4 8.Nxd5 Bxd2+
9.Qxd2 Qxd5 10.Qxd4 Qxd4 11.Nxd4 Nc6 12.Nxc6 bxc6 13.Bg2 Bd7 14.O-O-O Ke7
15.Rd3 Rhb8 16.Rhd1 Be8 17.Rc3 Rb6 18.Rd4 Rab8 19.b3 a5 20.Rh4 h6 21.Kb2 Ra6
22.Rg4 g6 23.Rgc4 Rb4 24.Rc5 Kd6 25.a3 Rb5 26.R5c4 h5 27.e3 Kc7 28.Ra4 Rb8
29.Bf1 Ra7 30.Rac4 Kb6 31.Bg2 Rc7 32.Rd4 Rcc8 33.Kc2 Rd8 34.Rdc4 Rd6 35.b4 Rbd8
36.bxa5+ Kxa5 37.Bxc6 Rd2+ 38.Kc1 Bxc6 39.Rxc6 Rxf2 40.R3c5+ Ka4 41.Ra6+ Kb3
42.Rb6+ Ka2 43.Rc2+ Rxc2+ 44.Kxc2 Rd5 45.Rb7 Rf5 46.a4 Ka3 47.a5 Rxa5 48.Rxf7 Kb4
49.Rf6 Kc4 50.h4 Ra2+ 51.Kb1 Rg2 52.Rxg6 e5 53.Rg5 e4 54.Rxh5 Rxg3 55.Rh8 Kd3
56.h5 Kxe3 57.h6 Rg2 58.h7  1/2-1/2

[Event "Zalakaros op"]
[Site "Zalakaros"]
[Date "1991.??.??"]
[Round "3"]
[White "Deak, Sandor"]
[Black "Tompa, Janos"]
[Result "1/2-1/2"]
[WhiteElo "2330"]
[BlackElo "2455"]

1.d4 Nf6 2.c4 e6 3.Nc3 Bb4 4.Nf3 O-O 5.Bg5 c5 6.e3 h6 7.Bh4 cxd4 8.exd4 Qa5
9.Qb3 Ne4 10.Rc1 d5 11.Bd3 dxc4 12.Bxc4 b5 13.Be2 Bb7 14.a3 Bxc3+ 15.bxc3 a6
16.O-O Bd5 17.c4 bxc4 18.Bxc4 Nd7 19.Bxd5 exd5 20.Be7  1/2-1/2

[Event "Simferopol/Alushta (Women)"]
[Site "Alushta"]
[Date "1992.??.??"]
[Round "?"]
[White "Muchnik, Larisa l"]
[Black "Prudnikova, Svetlana"]
[Result "0-1"]
[WhiteElo "2195"]
[BlackElo "2335"]

1.d4 Nf6 2.c4 e6 3.Nc3 Bb4 4.Nf3 c5 5.g3 cxd4 6.Nxd4 O-O 7.Bg2 d5 8.cxd5 Nxd5
9.Bd2 Nxc3 10.bxc3 Ba5 11.O-O e5 12.Nb3 Bb6 13.c4 Nc6 14.c5 Bc7 15.Bc3 Qe7
16.Qc1 Be6 17.Qe3 f6 18.Rab1 Rab8 19.Rfd1 Rfd8 20.Rxd8+ Bxd8 21.Nd2 Qd7 22.a3 b6
23.Qd3 Qxd3 24.exd3 Bd7 25.Bd5+ Kf8 26.Ne4 Be7 27.Bb4 Nxb4 28.Rxb4 Rc8 29.cxb6 Bxb4
30.bxa7 Bxa3 31.Bb7 Rd8 32.Nd2 Bf5 33.Ne4 Bd7 34.Nd2 Bb4 35.Nc4 Bf5 36.a8=Q Rxa8
37.Bxa8 Bxd3 38.Ne3 Bc5 39.Kg2 Ke7 40.Bd5 f5 41.Nc4 Kf6 42.Bg8 g5 43.Ne3 g4
44.h4 gxh3+ 45.Kxh3 f4 46.gxf4 exf4 47.Nd5+ Ke5 48.f3 Bc4 49.Nf6 Bf1+ 50.Kg4 Kxf6
51.Kxf4 Bd6+ 52.Kg4 Kg6 53.f4 Be2+ 54.Kg3 Bd1 55.Be6 h5 56.Bd7 Bb4 57.Kh3 Kf6
58.Kg3 Be1+ 59.Kh3 Bf3 60.Bc8 Ke7 61.Bf5  0-1

[Event "Barcelona"]
[Site "Barcelona"]
[Date "1992.??.??"]
[Round "?"]
[White "Lautier, Joel"]
[Black "Gurevich, Mikhail"]
[Result "1/2-1/2"]
[WhiteElo "2580"]
[BlackElo "2635"]

1.d4 Nf6 2.c4 e6 3.Nc3 Bb4 4.Nf3 c5 5.g3 cxd4 6.Nxd4 O-O 7.Bg2 d5 8.cxd5 Nxd5
9.Bd2 Bxc3 10.bxc3 e5 11.Nc2 Nc6 12.c4 Nde7 13.Ne3 Be6 14.O-O Rc8 15.Bc3 f6
16.Nd5 Nf5 17.Qd3 Qe8 18.Rfb1 b6 19.e3 Qh5 20.a4 Nh6 21.a5 bxa5 22.Rb7 Rf7
23.Rxf7 Nxf7 24.Bxa5 Bh3 25.Qd1 Qxd1+ 26.Rxd1 Bxg2 27.Kxg2 Kf8 28.Bc7 Ke8
29.c5 Ne7 30.Nxe7 Kxe7 31.Ba5 Ke6 32.Bb4 Rb8 33.Be1 Ra8 34.Ba5 Rc8 35.Bb4 Rc6
36.e4 Ke7 37.f4 Ke8 38.Kf3 Ra6 39.Rd3 Ra4 40.Bd2 Nd8 41.fxe5 fxe5 42.Ke3 Nc6
43.Rd6 Ra3+ 44.Kf2 Ra2 45.Ke2 Nd4+ 46.Kd3 Nb3 47.Bb4 a5 48.Kc4 Ra4 49.Kxb3 Rxb4+
50.Kc3 Ke7 51.Rd1 Ke6 52.Rd6+ Ke7 53.Rd5 Rxe4 54.c6 Re1 55.Kd2 Re4 56.Rd7+ Ke6
57.Rxg7 Rc4 58.Rxh7  1/2-1/2

[Event "Barcelona UGA"]
[Site "Barcelona"]
[Date "1992.??.??"]
[Round "8"]
[White "Campos, Jose Felix"]
[Black "Pogorelov, Ruslan"]
[Result "1/2-1/2"]
[WhiteElo "2470"]
[BlackElo "2385"]

1.d4 Nf6 2.c4 e6 3.Nc3 Bb4 4.Nf3 b6 5.Bg5 h6 6.Bh4 Bb7 7.e3 g5 8.Bg3 Ne4
9.Qc2 Bxc3+ 10.bxc3 d6 11.Bd3 f5 12.d5 Nd7 13.Bxe4 fxe4 14.Qxe4 Qf6 15.O-O Nc5
16.Qd4 O-O 17.e4 e5 18.Qe3 Qg6 19.Nd2 h5 20.f3 Rf7 21.h4 gxh4 22.Bxh4 Rg7
23.g3 Rf8 24.Kh1 c6 25.Rf2 b5 26.Nb3 Na4 27.Na5  1/2-1/2

[Event "Bratislava op"]
[Site "Bratislava"]
[Date "1992.??.??"]
[Round "10"]
[White "Kantorik, Marian"]
[Black "Zhidkov, Valery S"]
[Result "1/2-1/2"]
[WhiteElo "2235"]
[BlackElo "2415"]

1.d4 Nf6 2.Nf3 e6 3.c4 Bb4+ 4.Nc3 b6 5.Bg5 Bxc3+ 6.bxc3 Bb7 7.e3 d6 8.Be2 Nbd7
9.O-O h6 10.Bh4 Qe7 11.Nd2 e5 12.a4 a5 13.Kh1 g5 14.Bg3 h5 15.f3 h4 16.Bf2 h3
17.g3 g4 18.e4 O-O-O 19.d5 gxf3 20.Bxf3 Nc5 21.Bxc5 dxc5 22.Be2 Ne8 23.Rf2 Nd6
24.Bg4+ Kb8 25.Qf1 Qg5 26.Bxh3 Qe3 27.Re2 Qxc3 28.Rc1 Qa3 29.Ra1 Qd3 30.Rf2 Nxe4
31.Nxe4 Qxe4+ 32.Bg2 Qh7 33.h3 Qg6 34.Ra3 Bc8 35.Rf6 Qc2 36.h4 Qb2 37.Rd3 e4
38.Re3 Qe5 39.Rxf7 Bd7 40.Qf4 Qxf4 41.Rxf4 Bxa4 42.Bxe4 Rde8 43.Kg2 Re7 44.Ra3 Bd1
45.Bf3 Bxf3+ 46.Kxf3 Re1 47.Re3 Ra1 48.Re7 a4 49.Rff7 Rf1+ 50.Kg2 Rxf7 51.Rxf7 Kb7
52.d6 a3 53.dxc7 Ra8 54.Rf1 a2 55.Ra1 Kxc7 56.h5 Kd6 57.Kf3 Ke5 58.h6 Ra3+
59.Kg4 Kf6 60.Kf4 Ra4 61.Ke3 Ra3+ 62.Ke4 Kg6 63.Kd5 Ra4 64.Kc6 Rxc4 65.Rxa2 Rb4
66.Rh2 Kh7 67.g4  1/2-1/2